000 00583nam a22001937a 4500
005 20251108174832.0
008 250721s2007 xx 000 0 ara d
082 1 4 _a923.5/مون
100 1 _aعادل، أيمن محمد
_eمقدم
245 1 0 _aمذكرات مونتجمري /
264 1 _aعمان :
_bمكتبة النافذة،
_c2007.
300 _a238ص.
490 0 _aمذكرات قادة الحرب العالمية الثانية
650 1 7 _aالتراجم
650 1 7 _aالعسكريين
650 1 7 _aالتاريخ
942 _2ddc
_cBK
999 _c119326
_d119326